| 000 | 00464nam a2200181Ia 4500 | ||
|---|---|---|---|
| 001 | 12205 | ||
| 005 | 20260306162924.0 | ||
| 008 | 260306t2020||||xx |||||||||||||| ||spa|| | ||
| 041 | _aESP | ||
| 082 |
_aHR 340 _bN° 53 2020 RA-NT |
||
| 100 |
_aPlaza Penadés, Javier _eAUT |
||
| 245 | 0 | _aRevista Aranzadi de derecho y nuevas tecnologías | |
| 260 | _c2020 | ||
| 300 |
_a376 páginas : _c24 cm. |
||
| 650 | _aGEN | ||
| 654 | _aCDE | ||
| 942 |
_cREV _dJUS _fJUS _2ddc _n |
||
| 999 |
_c12205 _d12205 |
||